Unsolved cases

Bibliographic Details
Other Authors: Mack, Lorrie
Format: Book
Published: London : Orbis , 1986
Subjects:

MARC

LEADER 00000cam a2200000 7i4500
001 0000000012
002 000000019
005 20000330.0
020 |a 0356140555 
090 0 0 |a 001.94   |b UNS 
245 0 0 |a Unsolved cases   |c edited by Lorrie Mack, Lesley Riley and Frank Smyth 
260 |a London :   |b Orbis ,   |c 1986 
300 |a 192 p. :   |b ill ;   |c 29 cm. 
650 0 0 |a Curiosities and wonders 
700 0 |a Mack, Lorrie 
999 |a 0002839   |b BUKU   |c RUJUKAN   |e PERPUSTAKAAN KOMUNITI PETALING JAYA 
999 |a 018380   |b BUKU   |c PINJAMAN   |e PERPUSTAKAAN KOMUNITI PETALING JAYA 
999 |a 18380   |b BUKU   |c PINJAMAN   |e PERPUSTAKAAN KOMUNITI PETALING JAYA